Teams der 2. Fußball-Bundesliga 2026/27 - Statistiken

Allgemein
  • Dieses Quiz wurde 34 mal gespielt
  • Das Durchschnittsergebnis liegt bei 17 aus 18
Antwortstatistiken
Teams % Korrekt
1. FC Heidenheim
100%
FC St. Pauli
100%
SpVgg Greuther Fürth
100%
Dynamo Dresden
97%
Hannover 96
97%
Hertha BSC
97%
VfL Wolfsburg
97%
1. FC Nürnberg
94%
Arminia Bielefeld
94%
VfL Bochum
94%
1. FC Magdeburg
91%
SV Darmstadt 98
91%
VfL Osnabrück
91%
1. FC Kaiserslautern
88%
Eintracht Braunschweig
88%
Energie Cottbus
88%
Karlsruher SC
88%
Holstein Kiel
85%
Keine übereinstimmenden Quizze gefunden
Verteilung der Resultate
Anzahl Personen mit jedem Resultat
Perzentil nach korrekt beantworteten Fragen
Ihre Resultats-Entwicklung
Sie haben dieses Quiz noch nicht gespielt